000 00327nam a2200109 4500
999 _c14045
_d14045
008 190730b ||||| |||| 00| 0 eng d
245 _aMapua engineers develop dam monitoring system.
260 _aPhilippines:
_bThe Philippine Star;
_cc2019.
300 _apage B5.
650 0 _939042
_aTechnology innovations.
942 _2ddc
_cPER